Determinants of Public-Private Partnerships in Infrastructure /

This paper presents an empirical analysis of the cross-country and cross-industry determinants of public-private partnership (PPP) arrangements. We find that PPPs tend to be more common in countries where governments suffer from heavy debt burdens and where aggregate demand and market size are large...

ver descrição completa

Detalhes bibliográficos
Autor principal: Yehoue, Etienne
Outros Autores: Hammami, Mona, Ruhashyankiko, Jean-Francois
Formato: Periódico
Idioma:English
Publicado em: Washington, D.C. : International Monetary Fund, 2006.
Colecção:IMF Working Papers; Working Paper ; No. 2006/099
Acesso em linha:Full text available on IMF
LEADER 02108cas a2200265 a 4500
001 AALejournalIMF004121
008 230101c9999 xx r poo 0 0eng d
020 |c 5.00 USD 
020 |z 9781451863598 
022 |a 1018-5941 
040 |a BD-DhAAL  |c BD-DhAAL 
100 1 |a Yehoue, Etienne. 
245 1 0 |a Determinants of Public-Private Partnerships in Infrastructure /  |c Etienne Yehoue, Mona Hammami, Jean-Francois Ruhashyankiko. 
264 1 |a Washington, D.C. :  |b International Monetary Fund,  |c 2006. 
300 |a 1 online resource (39 pages) 
490 1 |a IMF Working Papers 
500 |a <strong>Off-Campus Access:</strong> No User ID or Password Required 
500 |a <strong>On-Campus Access:</strong> No User ID or Password Required 
506 |a Electronic access restricted to authorized BRAC University faculty, staff and students 
520 3 |a This paper presents an empirical analysis of the cross-country and cross-industry determinants of public-private partnership (PPP) arrangements. We find that PPPs tend to be more common in countries where governments suffer from heavy debt burdens and where aggregate demand and market size are large. Our findings also suggest that macroeconomic stability is essential for PPPs. We provide evidence on the importance of institutional quality, where less corruption and effective rule of law are associated with more PPP projects. PPPs are also more prevalent in countries with previous PPP experiences. At the industry level, we find that PPP determinants vary across industries depending on the nature of public infrastructure, capital intensity, and technology required. We also find that private participation in PPP projects depends on the expected marketability, the technology required, and the degree of "impurity" of the goods or services. 
538 |a Mode of access: Internet 
700 1 |a Hammami, Mona. 
700 1 |a Ruhashyankiko, Jean-Francois. 
830 0 |a IMF Working Papers; Working Paper ;  |v No. 2006/099 
856 4 0 |z Full text available on IMF  |u http://elibrary.imf.org/view/journals/001/2006/099/001.2006.issue-099-en.xml  |z IMF e-Library